|
|
|
|
| LEADER |
01771nam a2200433 a 4500 |
| 001 |
000303420 |
| 003 |
CZ BrMZK |
| 005 |
20220204132906.0 |
| 007 |
ta |
| 008 |
010907s1996 xr f 0 cze d |
| 015 |
|
|
|a cnb000274072
|
| 020 |
|
|
|a 80-86064-00-X
|
| 035 |
|
|
|a (OCoLC)38761383
|
| 040 |
|
|
|a BOA001
|b cze
|
| 043 |
|
|
|a e-xr---
|b e-xr-st
|2 czenas
|
| 072 |
|
7 |
|a 581
|x Obecná botanika
|2 Konspekt
|9 2
|
| 080 |
|
|
|a 581.9
|2 MRF
|
| 080 |
|
|
|a 502.2
|2 MRF
|
| 080 |
|
|
|a (437.312)
|2 MRF
|
| 080 |
|
|
|a (082)
|2 MRF
|
| 245 |
0 |
0 |
|a Příroda Kokořínska a Mělnicka /
|c editor: Lída Kirschnerová & Václav Petříček
|
| 246 |
3 |
1 |
|a Nature of the Kokořín and Mělník regions, central Bohemia
|
| 260 |
|
|
|a Praha :
|b Agentura ochrany přírody a krajiny ČR,
|c 1996
|
| 300 |
|
|
|a 270 s. :
|b il., mapy ;
|c 24 cm
|
| 490 |
1 |
|
|a Příroda : sborník prací z oboru ochrany přírody ;
|v 7
|
| 500 |
|
|
|a Anglická resumé
|
| 500 |
|
|
|a Dostupné též v digitální podobě v aplikaci Kramerius
|
| 504 |
|
|
|a Obsahuje bibliografii
|
| 650 |
0 |
7 |
|a flóra
|7 ph114559
|z Česko
|2 czenas
|
| 651 |
|
7 |
|a Mělník (Česko : oblast)
|7 ge130127
|x přírodní poměry
|2 czenas
|
| 651 |
|
7 |
|a Kokořín (Česko : oblast)
|7 ge128501
|x přírodní poměry
|2 czenas
|
| 655 |
|
7 |
|a sborníky
|7 fd163935
|2 czenas
|
| 700 |
1 |
|
|a Kirschnerová, Ludmila,
|d 1955-
|7 xx0016018
|4 edt
|
| 700 |
1 |
|
|a Petříček, Václav,
|d 1944-2022
|7 jx20041020011
|4 edt
|
| 830 |
|
0 |
|a Příroda (Agentura ochrany přírody a krajiny ČR)
|0 s
|
| 856 |
4 |
1 |
|u http://www.digitalniknihovna.cz/mzk/uuid/uuid:d91cf090-bdde-11e5-b5dc-005056827e51
|y Digitalizovaný dokument
|x NDK
|
| 910 |
|
|
|a BOA001
|b 2-1043.581
|
| 990 |
|
|
|a BK
|
| 996 |
6 |
|
|b 2610068554
|c 2-1043.581
|l MZK
|r Sklad / do 1 hodiny
|n 5
|p p.v.
|w 000303420
|u 000010
|a 1
|e BOA001
|j MZK50
|s P
|